| 000 | 01136cam a22003375i 4500 | ||
|---|---|---|---|
| 999 |
_c12260 _d12260 |
||
| 001 | 2417525 | ||
| 003 | EG-ScBUE | ||
| 005 | 20191214120304.0 | ||
| 008 | 861231r20112002enka f b 000 0 eng d | ||
| 020 | _a9780194372251 (pbk.) | ||
| 040 |
_aDLC _beng _erda _cDLC _dEG-ScBUE |
||
| 082 | 0 | 4 |
_a428.24 _bFRI _222 |
| 100 | 1 |
_aFried-Booth, Diana L, _eauthor. _97774 |
|
| 245 | 1 | 0 |
_aProject work / _cDiana L. Fried-Booth. |
| 250 | _aSecond edition. | ||
| 250 | _aNew edition. | ||
| 264 | 1 |
_aOxford ; _aNew York : _bOxford University Press, _c2011. |
|
| 300 |
_a123 pages : _billustrations ; _c25 cm. |
||
| 336 |
_2rdacontent _atext _btxt |
||
| 337 |
_2rdamedia _aunmediated _bn |
||
| 338 |
_2rdacarrier _avolume _bnc |
||
| 490 | 0 | _aResources books for teachers | |
| 504 | _aIncludes bibliographical references and index. | ||
| 590 | _aAml khaled | ||
| 650 | 7 |
_aEnglish language _xStudy and teaching _xForeign speakers. _97775 _2BUEsh |
|
| 650 | 7 |
_aProject method in teaching. _2BUEsh _97776 |
|
| 653 |
_bHHUUEENN _cJuly2019 |
||
| 655 | _vReading book | ||
| 942 |
_2ddc _cBB |
||